Представление документа в формате MARC21

Поле Инд. ПП Название Значение
Тип записи a
Библиографический уровень m
001 _ Контрольный номер RU\infra-m\znanium\bibl\992046
005 _ Дата корректировки 20250915104132.7
008 Кодируемые данные 201102s2020 RU g rus u
020 a ISBN 978-5-16-003321-1
020 a ISBN 978-5-16-100110-3
040 a Служба первич. каталог. Общество с ограниченной ответственностью «ЗНАНИУМ»
041 a Код языка текста rus
044 a Код страны публикации RU
080 a Индекс УДК 650(075.8)
084 2 Источник индекса rubbk
a Индекс другой классификации/Индекс ББК 65.290-2я73
084 2 Источник индекса okso
a Индекс другой классификации/Индекс ББК 38.04.07
084 2 Источник индекса okso
a Индекс другой классификации/Индекс ББК 38.04.01
084 2 Источник индекса okso
a Индекс другой классификации/Индекс ББК 38.04.02
084 2 Источник индекса okso
a Индекс другой классификации/Индекс ББК 27.04.02
084 2 Источник индекса okso
a Индекс другой классификации/Индекс ББК 27.04.01
084 2 Источник индекса okso
a Индекс другой классификации/Индекс ББК 38.03.01
084 2 Источник индекса okso
a Индекс другой классификации/Индекс ББК 38.03.07
084 2 Источник индекса okso
a Индекс другой классификации/Индекс ББК 38.03.02
084 2 Источник индекса okso
a Индекс другой классификации/Индекс ББК 15.02.08
084 2 Источник индекса okso
a Индекс другой классификации/Индекс ББК 35.02.03
084 2 Источник индекса okso
a Индекс другой классификации/Индекс ББК 27.03.01
084 2 Источник индекса okso
a Индекс другой классификации/Индекс ББК 27.03.02
100 1_ a Автор Шестопал Юрий Терентьевич
q Полное имя Юрий Терентьевич
245 a Заглавие Управление качеством
b Продолж. заглавия Учебное пособие
c Ответственность Пензенский государственный университет; Московский финансово-промышленный университет "Синергия"
250 a Основные сведения об издании 1
260 a Место издания Москва
b Издательство ООО "Научно-издательский центр ИНФРА-М"
c Дата издания 2019
300 a Объем 331 с.
520 a Аннотация Учебное пособие представляет собой изложение методологии управления качеством и ее практическую реализацию в системах управления качеством. Рассматриваются теоретические и практические вопросы управления качеством применительно к производствам различного профиля — от определения требований потребителей товара до разработки системы менеджмента качества; функционирование систем менеджмента качества, ориентированных на модели всеобщего управления качеством TQM и на семейство стандартов ИСО 9000:2000.
521 a Примеч. о целев. назн. ВО - Бакалавриат
650 a Основная рубрика Управление (менеджмент)
x Основная подрубрика Управление качеством. Квалиметрия
700 1_ a Другие авторы Дорофеев Владимир Дмитриевич
q Полное имя Владимир Дмитриевич
852 x Примечание, не предназначенное для пользователя znanium2022
856 4_ a Имя сервера/домена znanium.com
m Помощь ebs_support@infra-m.ru
n Местонахождение сервера НИЦ ИНФРА-М
u URL http://znanium.com/catalog/document?id=359336
z Примечание для пользователя Участвует в КО
856 41 a Имя сервера/домена znanium.com
d Путь /cover/0992
f Электронное имя 992046.jpg
q Тип электронного формата image/jpeg
u URL https://znanium.com/cover/0992/992046.jpg